000 00754nam a22002415a 4500
005 20171217125151.0
008 171217t2005 nyua frb 001 0 eng d
020 _a0071239324
020 _a9780071239325
040 _aEG-ScBUE
_beng
_cEG-ScBUE
_dEG-ScBUE
082 0 4 _a330
_bSAM
_222
100 1 _aSamuelson, Paul A.
_927505
245 1 0 _aEconomics /
_cPaul A. Samuelson, William D. Nordhaus.
250 _a18th ed., International ed.
260 _aNew York :
_bThe McGraw-Hill,
_c2005.
300 _axxiv, 776 p. :
_bill. (some col.) ;
_c27 cm.
504 _aIncludes bibliographical references and index.
650 7 _aEconomics.
_2BUEsh
651 _2BUEsh
653 _bBUSECO
_cDecember2017
700 1 _aNordhaus, William D.
942 _cBB
_2ddc
999 _c1492
_d1492